DMV Quiz - Statistics

General Stats
  • This quiz has been taken 67 times
  • The average score is 19 of 35
Answer Stats
Hint Answer % Correct
What is the Biggest City by city proper in Maryland? Baltimore
96%
What is the Biggest Metro Area in the DMV? Washington DC
95%
What does "DMV" stand for? DC Maryland Virginia
88%
Is Washington, DC located in a state? No
88%
What is the capital of Maryland? Annapolis
86%
What airport is located in Loudon County, Virginia? Dulles
86%
What is the capital of Virginia? Richmond
84%
In 2010, 50% of DC residents were from this racial group African American
82%
What river serves as DC's southern border? Potomac
80%
Name one of the NFL teams that plays in the state of Maryland Baltimore Ravens | Washington Commanders
79%
What airport is across the river from DC in Arlington? Reagan
77%
How many current Supreme Court justices went to high school in the DC Area? 2
73%
What neighborhood of DC shares its name with a prestigious university? Georgetown
70%
What is the Biggest City by city proper in Virginia? Virginia Beach
68%
What city is the University of Virginia located in Charlottesville
63%
How many wards are in DC? 8
59%
What airport is located in Linthicum? BWI
59%
What city is the University of Maryland located in? College Park
59%
What interstate serves as the DC beltway? I-495
57%
What seafood is the state of Maryland famous for? Crabs
54%
Finally, what street is the White House on? Pennsylvania Avenue
52%
What city is Virginia Tech located in? Blacksburg
50%
What interstates serves as the Baltimore beltway? I-695
39%
Who is the baseball player nicknamed the Iron Man who played for the Orioles and is from Havre de Grace? Cal Ripken, Jr.
38%
What river goes through Northeast and Southeast? Anacostia
36%
What musical is set in Baltimore? Hairspray
36%
What basketball player, who went to the University of Texas went to Montrose Christian Academy? Kevin Durant
34%
What famous singer from DC wanted to "get it on"? Marvin Gaye
29%
Who is the other justice? Brett Kavanaugh
20%
What former governor of Maryland served as Nixon's first Vice President? Spiro Agnew
18%
What bridge connects Fairfax County, VA to Montgomery County, MD? American Legion Bridge
14%
Which of these justices was appointed first? Neil Gorsuch
9%
What former DC mayor smoked crack? Marion Berry
7%
What beer originated in Baltimore, but is now brewed in Georgia and Ohio Natty Boh
7%
What is shaved ice called in Baltimore? Snowball
2%
No matching quizzes found
Score Distribution
Percent of People with Each Score
Percentile by Number Answered
Your Score History
You have not taken this quiz